| 000 | 00531nam a2200193 i 4500 | ||
|---|---|---|---|
| 001 | 47531 | ||
| 003 | ES-MaACL | ||
| 005 | 20231204173109.0 | ||
| 007 | t| | ||
| 008 | 030430s1957 ag ||||1| spa d | ||
| 080 | _a821.134.2-14"19" | ||
| 100 | 1 |
_aGuillén, Jorge, _d1893-1984 _960765 |
|
| 245 | 1 | 0 |
_aMaremágnum ; _bClamor / _cJorge Guillén. |
| 246 | 3 | _aClamor | |
| 260 |
_aBuenos Aires : _bEditorial Sudamericana, _c[1957] |
||
| 300 |
_a197 p. ; _c21 cm. |
||
| 852 |
_aES-MaACL _jG-4949 |
||
| 999 |
_c47531 _d47531 |
||